[Event "I Memorial Oliver Gonzalez Somoza"]
[Site "Madrid ESP"]
[Date "2010.10.09"]
[Round "1.31"]
[White "Merino Araguas, Jose Javier"]
[Black "Solaesa Navalpotro, Luis Julio"]
[Result "0-1"]
[WhiteElo "1834"]
[BlackElo "2227"]
[PlyCount "52"]
[EventDate "2010.10.09"]
[EventType "swiss"]
[EventRounds "9"]
[EventCountry "ESP"]
[Source "lmi"]
[SourceDate "2010.10.09"]

1. d4 Nf6 2. c4 c5 3. d5 b5 4. cxb5 a6 5. bxa6 g6 6. Nc3 Bxa6 7. Nf3 d6 8. g3
Bg7 9. Bg2 Nbd7 10. O-O Nb6 11. Re1 O-O 12. Nd2 Ra7 13. Nf1 Qa8 14. Ne3 Rb8 15.
Qc2 Nc4 16. b3 Nxe3 17. Bxe3 Bb7 18. Rad1 e6 19. Bf4 exd5 20. Bxd6 Rc8 21. Na4
Nd7 22. Qd2 d4 23. Bxb7 Qxb7 24. Rc1 c4 25. Qc2 c3 26. e3 Qa6 0-1

[Event "I Memorial Oliver Gonzalez Somoza"]
[Site "Madrid ESP"]
[Date "2010.10.09"]
[Round "1.32"]
[White "Estrada Martinez, Cesar"]
[Black "Galan Aguado, Fernando"]
[Result "1-0"]
[WhiteElo "2211"]
[BlackElo "1823"]
[PlyCount "79"]
[EventDate "2010.10.09"]
[EventType "swiss"]
[EventRounds "9"]
[EventCountry "ESP"]
[Source "lmi"]
[SourceDate "2010.10.09"]

1. Nf3 Nf6 2. c4 e6 3. g3 d5 4. Bg2 Bd6 5. O-O O-O 6. b3 b6 7. Bb2 Bb7 8. Qc2
Nbd7 9. d3 Qe7 10. Nc3 a6 11. Rfe1 c5 12. e4 d4 13. Ne2 e5 14. Nh4 g6 15. Bc1
Nh5 16. Bh6 Rfe8 17. Qd2 Nf8 18. Bh3 Bc8 19. Bxc8 Raxc8 20. Rf1 Ne6 21. Rae1
Rc6 22. Ng2 Qc7 23. f4 exf4 24. gxf4 f6 25. Kh1 Bf8 26. f5 Bxh6 27. Qxh6 Qg7
28. Qd2 Ng5 29. Nef4 Nxf4 30. Nxf4 gxf5 31. exf5 Rxe1 32. Qxe1 Qd7 33. h4 Nf7
34. Qg3+ Kh8 35. Rg1 Nh6 36. Ne6 Rc8 37. Qf4 Nf7 38. Rg7 Qc6+ 39. Kh2 Rg8 40.
Rxg8+ 1-0

[Event "I Memorial Oliver Gonzalez Somoza"]
[Site "Madrid ESP"]
[Date "2010.10.09"]
[Round "1.35"]
[White "Suarez Prieto, Leopoldo"]
[Black "Bandres Carballo, Julio"]
[Result "0-1"]
[WhiteElo "1815"]
[BlackElo "2201"]
[PlyCount "40"]
[EventDate "2010.10.09"]
[EventType "swiss"]
[EventRounds "9"]
[EventCountry "ESP"]
[Source "lmi"]
[SourceDate "2010.10.09"]

1. e4 e5 2. Bc4 Nf6 3. f4 d5 4. Bb3 Bg4 5. Ne2 Bc5 6. h3 Bxe2 7. Qxe2 Nxe4 8.
Qh5 O-O 9. Rh2 Bg1 10. Rh1 Bf2+ 11. Kd1 Nc6 12. Nc3 Ng3 13. Qf3 Nxh1 14. g3
exf4 15. gxf4 Qh4 16. Qxh1 Qh5+ 17. Ne2 Nd4 18. Qf1 Rae8 19. Qxf2 Rxe2 20. Qg3
Re1+ 0-1

[Event "I Memorial Oliver Gonzalez Somoza"]
[Site "Madrid ESP"]
[Date "2010.10.09"]
[Round "1.36"]
[White "Pastor Alonso De Prado, Emilio A"]
[Black "De La Orden Alcocer, Alejandro"]
[Result "1-0"]
[WhiteElo "2199"]
[BlackElo "1798"]
[PlyCount "51"]
[EventDate "2010.10.09"]
[EventType "swiss"]
[EventRounds "9"]
[EventCountry "ESP"]
[Source "lmi"]
[SourceDate "2010.10.09"]

1. e4 Nf6 2. Nc3 d5 3. e5 d4 4. exf6 dxc3 5. fxg7 cxd2+ 6. Qxd2 Qxd2+ 7. Bxd2
Bxg7 8. O-O-O Bg4 9. f3 Bf5 10. Ne2 Nd7 11. Bc3 Rg8 12. g4 Be6 13. Bxg7 Rxg7
14. Nd4 Rd8 15. Nb5 c6 16. Nc7+ Kf8 17. Nxe6+ fxe6 18. Bc4 e5 19. Rd3 e4 20.
fxe4 Ke8 21. Rhd1 Rg6 22. b4 e6 23. h4 Ke7 24. g5 h6 25. Rd6 hxg5 26. hxg5 1-0

[Event "I Memorial Oliver Gonzalez Somoza"]
[Site "Madrid ESP"]
[Date "2010.10.09"]
[Round "1.38"]
[White "Semprun Martinez, Fernando"]
[Black "Gonzalo Gonzalez, Francisco"]
[Result "1-0"]
[WhiteElo "2173"]
[BlackElo "1784"]
[PlyCount "53"]
[EventDate "2010.10.09"]
[EventType "swiss"]
[EventRounds "9"]
[EventCountry "ESP"]
[Source "lmi"]
[SourceDate "2010.10.09"]

1. e4 c5 2. Nf3 Nc6 3. d4 cxd4 4. Nxd4 d6 5. Nc3 Nf6 6. Bg5 g6 7. Bxf6 exf6 8.
Qd2 Bg7 9. O-O-O O-O 10. Ndb5 Qe7 11. Qxd6 a6 12. Qxe7 Nxe7 13. Nd6 b5 14. a4
b4 15. Nd5 Nxd5 16. exd5 Bd7 17. Nc4 Bxa4 18. Nb6 Bxc2 19. Kxc2 Rab8 20. Nd7
Rfc8+ 21. Kb1 Ra8 22. Nb6 a5 23. d6 Rab8 24. Nxc8 Rxc8 25. d7 Rd8 26. Bb5 f5
27. Rhe1 1-0

[Event "I Memorial Oliver Gonzalez Somoza"]
[Site "Madrid ESP"]
[Date "2010.10.09"]
[Round "1.39"]
[White "Tolosana Esteban, Enrique"]
[Black "Vazquez Torres, Adrian"]
[Result "0-1"]
[WhiteElo "1772"]
[BlackElo "2160"]
[PlyCount "48"]
[EventDate "2010.10.09"]
[EventType "swiss"]
[EventRounds "9"]
[EventCountry "ESP"]
[Source "lmi"]
[SourceDate "2010.10.09"]

1. e4 c5 2. Nf3 e6 3. d4 cxd4 4. Nxd4 a6 5. Nc3 Qc7 6. g3 Nf6 7. Bg2 Nc6 8. Be3
Bb4 9. Nde2 Ng4 10. Bf4 Qb6 11. O-O Bc5 12. Nd4 Nxf2 13. Rxf2 Bxd4 14. Qf3 Qxb2
15. Bc1 Bxf2+ 16. Kxf2 Qxa1 17. Qe3 Ne5 18. h3 Nd3+ 19. Qxd3 Qxc1 20. e5 Qa3
21. Qd4 O-O 22. g4 f6 23. exf6 Rxf6+ 24. Kg1 Qc1+ 0-1

[Event "I Memorial Oliver Gonzalez Somoza"]
[Site "Madrid ESP"]
[Date "2010.10.09"]
[Round "1.40"]
[White "Gonzalez Tedin, Antonio"]
[Black "Franco Rincon, David"]
[Result "1-0"]
[WhiteElo "2156"]
[BlackElo "1770"]
[PlyCount "77"]
[EventDate "2010.10.09"]
[EventType "swiss"]
[EventRounds "9"]
[EventCountry "ESP"]
[Source "lmi"]
[SourceDate "2010.10.09"]

1. c4 e5 2. g3 Nc6 3. Bg2 Nf6 4. Nc3 d6 5. Nf3 Be7 6. d4 exd4 7. Nxd4 Nxd4 8.
Qxd4 O-O 9. b3 a6 10. Bb2 c6 11. O-O Be6 12. Rad1 Qa5 13. Rfe1 Rad8 14. e4 Qh5
15. f3 d5 16. exd5 cxd5 17. cxd5 Rd7 18. Re5 Bc5 19. Rxh5 Bxd4+ 20. Rxd4 Nxh5
21. Rh4 Bxd5 22. Rxh5 Bc6 23. Re5 Rd2 24. Re2 Rfd8 25. Kf2 Kf8 26. Ba3+ Kg8 27.
Bc1 R2d3 28. Re3 b5 29. b4 Kf8 30. Bf1 R3d4 31. a3 Be8 32. Be2 Rc8 33. Ke1 f6
34. Bb2 Bf7 35. Nxb5 Rd7 36. Nd4 Rcd8 37. Bxa6 Rxd4 38. Bxd4 Rxd4 39. Rd3 1-0

[Event "I Memorial Oliver Gonzalez Somoza"]
[Site "Madrid ESP"]
[Date "2010.10.09"]
[Round "1.42"]
[White "Nieto De La Cruz, Julio"]
[Black "Martinez Martinez, Antonio"]
[Result "1-0"]
[WhiteElo "2147"]
[BlackElo "1695"]
[PlyCount "105"]
[EventDate "2010.10.09"]
[EventType "swiss"]
[EventRounds "9"]
[EventCountry "ESP"]
[Source "lmi"]
[SourceDate "2010.10.09"]

1. d4 g6 2. c4 d6 3. Nc3 c6 4. e4 Bg7 5. Be2 Qb6 6. Nf3 Bg4 7. Na4 Qc7 8. Be3
Nf6 9. Nc3 Nbd7 10. Qc2 a6 11. O-O O-O 12. Rac1 Rac8 13. Rfd1 b5 14. cxb5 cxb5
15. Qb3 Qb7 16. h3 Bxf3 17. Bxf3 e5 18. Qb4 Qb8 19. Be2 Nb6 20. Qa5 exd4 21.
Bxd4 Nc4 22. Bxc4 Rxc4 23. Qxa6 Rfc8 24. f3 R8c6 25. Qa5 Ne8 26. Bxg7 Kxg7 27.
Ne2 Ra4 28. Qxa4 bxa4 29. Rxc6 Qxb2 30. Nc1 Qb7 31. Rc4 Qa6 32. Rdd4 Nf6 33.
Rxa4 Qb6 34. Rab4 Qc5 35. Rbc4 Qb6 36. Nb3 Nd7 37. Kh2 Ne5 38. Ra4 Qb5 39. f4
Nd3 40. Ra5 Qc6 41. Rxd3 Qxe4 42. Rd4 Qe3 43. Ra6 g5 44. Raxd6 gxf4 45. Rd3 Qe5
46. R6d5 Qc7 47. Rf3 Kg6 48. Rd4 Kg5 49. Rdxf4 Qe5 50. Nd4 f6 51. Kh1 Qe1+ 52.
Rf1 Qe5 53. Rf5+ 1-0

[Event "I Memorial Oliver Gonzalez Somoza"]
[Site "Madrid ESP"]
[Date "2010.10.09"]
[Round "1.43"]
[White "Garcia-Ines Sanchez, Gustavo"]
[Black "Cabañas Jimenez, Manuel"]
[Result "0-1"]
[WhiteElo "1685"]
[BlackElo "2141"]
[PlyCount "34"]
[EventDate "2010.10.09"]
[EventType "swiss"]
[EventRounds "9"]
[EventCountry "ESP"]
[Source "lmi"]
[SourceDate "2010.10.09"]

1. e4 d5 2. exd5 Nf6 3. Nf3 Bg4 4. Be2 Qxd5 5. Nc3 Qh5 6. d3 Nc6 7. Be3 O-O-O
8. a3 e5 9. b4 e4 10. Nd2 exd3 11. Bxg4+ Qxg4 12. Qxg4+ Nxg4 13. b5 Nxe3 14.
fxe3 Ne5 15. O-O-O Bxa3+ 16. Kb1 Ng4 17. Rhf1 Nxe3 0-1

[Event "I Memorial Oliver Gonzalez Somoza"]
[Site "Madrid ESP"]
[Date "2010.10.09"]
[Round "1.45"]
[White "Sanchez Tapia, Luis G"]
[Black "Labarta Gonzalez-Vallarino, Ivan"]
[Result "0-1"]
[WhiteElo "1638"]
[BlackElo "2129"]
[PlyCount "72"]
[EventDate "2010.10.09"]
[EventType "swiss"]
[EventRounds "9"]
[EventCountry "ESP"]
[Source "lmi"]
[SourceDate "2010.10.09"]

1. e4 c5 2. Nf3 Nc6 3. d4 cxd4 4. Nxd4 Nf6 5. Nxc6 bxc6 6. Nc3 e5 7. Bg5 h6 8.
Bxf6 Qxf6 9. Be2 Bc5 10. O-O O-O 11. Na4 Bb6 12. Nxb6 axb6 13. c4 d6 14. Qd2
Qe7 15. f4 exf4 16. Qxf4 Ra5 17. Bd3 Be6 18. a3 Rfa8 19. Rf3 Rc5 20. b4 Rg5 21.
Rg3 Rxg3 22. Qxg3 Qf6 23. Ra2 Qd4+ 24. Kf1 b5 25. Be2 bxc4 26. Bg4 Qxe4 27. Re2
Qxg4 28. Qxd6 Rxa3 29. Qd2 c3 30. Qd8+ Kh7 31. Qd3+ Qf5+ 32. Qxf5+ Bxf5 33. Re1
Ra2 34. h3 Bd3+ 35. Kg1 Rd2 36. Rc1 c2 0-1

[Event "I Memorial Oliver Gonzalez Somoza"]
[Site "Madrid ESP"]
[Date "2010.10.09"]
[Round "1.46"]
[White "Ramos Aldoradin, John Paul"]
[Black "Montoya Pecurul, Marc"]
[Result "1-0"]
[WhiteElo "2126"]
[BlackElo "1629"]
[PlyCount "71"]
[EventDate "2010.10.09"]
[EventType "swiss"]
[EventRounds "9"]
[EventCountry "ESP"]
[Source "lmi"]
[SourceDate "2010.10.09"]

1. e4 e5 2. Nf3 Nc6 3. Bc4 Bc5 4. c3 Nf6 5. d3 h6 6. Bb3 d6 7. Nbd2 Bg4 8. h3
Be6 9. Nf1 Qd7 10. Ne3 O-O-O 11. Ba4 g5 12. d4 exd4 13. cxd4 Bb4+ 14. Kf1 Nxe4
15. d5 f5 16. dxc6 bxc6 17. Nd4 f4 18. Bxc6 Qf7 19. Bxe4 fxe3 20. Bxe3 Rhe8 21.
Nxe6 Qxe6 22. Bf3 Qf6 23. Qb3 Rxe3 24. Qxe3 Bc5 25. Qd2 Rf8 26. Re1 h5 27. Qe2
Kb8 28. Qe6 Qxe6 29. Rxe6 g4 30. hxg4 hxg4 31. Bc6 Rxf2+ 32. Ke1 Rf8 33. Kd1
Bf2 34. Rh7 Bb6 35. Rhe7 Rf1+ 36. Re1 1-0

[Event "I Memorial Oliver Gonzalez Somoza"]
[Site "Madrid ESP"]
[Date "2010.10.09"]
[Round "1.47"]
[White "Martinez Gomez, Ana Maria"]
[Black "Pascual Palomo, Lucia"]
[Result "0-1"]
[WhiteElo "1605"]
[BlackElo "2126"]
[PlyCount "78"]
[EventDate "2010.10.09"]
[EventType "swiss"]
[EventRounds "9"]
[EventCountry "ESP"]
[Source "lmi"]
[SourceDate "2010.10.09"]

1. e4 e6 2. d4 d5 3. Nd2 c5 4. Ngf3 cxd4 5. Nxd4 Nc6 6. Bb5 Bd7 7. Nxc6 Bxc6 8.
Bxc6+ bxc6 9. c4 Nf6 10. Qa4 Qd7 11. e5 Ng4 12. Nf3 h5 13. h3 Nh6 14. O-O Nf5
15. Bg5 Rb8 16. Qc2 Be7 17. Bxe7 Qxe7 18. cxd5 cxd5 19. Rac1 O-O 20. b3 Qa3 21.
g4 hxg4 22. hxg4 Qb4 23. Nh2 Nh4 24. f4 Ng6 25. Qf2 Rbc8 26. Rcd1 Rc3 27. f5
exf5 28. gxf5 Nxe5 29. Rxd5 Nd3 30. Qxa7 Nc5 31. Qe7 Qb6 32. Kg2 Rc2+ 33. Kg3
Qb4 34. Qe5 Ne4+ 35. Kh3 Rfc8 36. Nf3 Nf2+ 37. Kg3 Qg4+ 38. Kh2 Qh3+ 39. Kg1
Qh1# 0-1

[Event "I Memorial Oliver Gonzalez Somoza"]
[Site "Madrid ESP"]
[Date "2010.10.09"]
[Round "1.48"]
[White "Blanco Sanchez, Jose Fernando"]
[Black "Cepas Castillo, Juan Carlos"]
[Result "1-0"]
[WhiteElo "2123"]
[BlackElo "1594"]
[PlyCount "45"]
[EventDate "2010.10.09"]
[EventType "swiss"]
[EventRounds "9"]
[EventCountry "ESP"]
[Source "lmi"]
[SourceDate "2010.10.09"]

1. e4 c6 2. c4 d5 3. cxd5 cxd5 4. exd5 Nf6 5. Bb5+ Bd7 6. Qb3 Bxb5 7. Qxb5+ Qd7
8. Qxd7+ Nbxd7 9. Nc3 Nb6 10. d6 exd6 11. Nf3 Be7 12. d3 O-O 13. Bg5 Nbd5 14.
Kd2 h6 15. Nxd5 Nxd5 16. Bxe7 Nxe7 17. Nd4 Nc6 18. Nf5 d5 19. Rae1 Rfe8 20. b3
b6 21. Rxe8+ Rxe8 22. Rc1 Re6 23. Rxc6 1-0

[Event "I Memorial Oliver Gonzalez Somoza"]
[Site "Madrid ESP"]
[Date "2010.10.09"]
[Round "1.49"]
[White "Martin Garcia, Francisco J"]
[Black "Montañes Arribas, Adrian"]
[Result "0-1"]
[WhiteElo "1575"]
[BlackElo "2114"]
[PlyCount "52"]
[EventDate "2010.10.09"]
[EventType "swiss"]
[EventRounds "9"]
[EventCountry "ESP"]
[Source "lmi"]
[SourceDate "2010.10.09"]

1. e4 c5 2. Nf3 d6 3. d4 cxd4 4. Nxd4 Nf6 5. Nc3 a6 6. Be3 e5 7. Nb3 Be7 8. f3
Be6 9. Qd2 O-O 10. O-O-O Nbd7 11. g4 b5 12. g5 b4 13. Ne2 Ne8 14. f4 a5 15. f5
a4 16. Nbd4 exd4 17. Nxd4 b3 18. Kb1 bxc2+ 19. Nxc2 Bb3 20. axb3 axb3 21. Na3
Ne5 22. h4 Ra4 23. Rh3 Qa8 24. Ka1 d5 25. Qxd5 Rxa3+ 26. bxa3 Qxa3+ 0-1

[Event "I Memorial Oliver Gonzalez Somoza"]
[Site "Madrid ESP"]
[Date "2010.10.09"]
[Round "1.50"]
[White "Garcia Diaz, Victor Manuel"]
[Black "Martin Rodriguez, Jose L"]
[Result "1-0"]
[WhiteElo "2108"]
[BlackElo "1519"]
[PlyCount "59"]
[EventDate "2010.10.09"]
[EventType "swiss"]
[EventRounds "9"]
[EventCountry "ESP"]
[Source "lmi"]
[SourceDate "2010.10.09"]

1. e4 e6 2. d4 d5 3. exd5 exd5 4. c4 dxc4 5. Bxc4 Nf6 6. Qb3 Qe7+ 7. Be3 Qb4+
8. Nc3 Qxb3 9. Bxb3 Bb4 10. Nf3 O-O 11. O-O Nbd7 12. Rac1 c6 13. Rfd1 Nb6 14.
h3 Bxc3 15. bxc3 Nbd5 16. Bd2 Bf5 17. c4 Ne7 18. Bb4 Rfe8 19. d5 cxd5 20. cxd5
Rad8 21. d6 Nc6 22. Ba3 Ne4 23. Nd4 Nxd4 24. Rxd4 Rc8 25. Rxc8 Rxc8 26. g4 Bg6
27. d7 Rd8 28. Be7 Nc3 29. Rc4 Ne2+ 30. Kh2 1-0

[Event "I Memorial Oliver Gonzalez Somoza"]
[Site "Madrid ESP"]
[Date "2010.10.09"]
[Round "1.51"]
[White "Tevar Becerra, Alvaro"]
[Black "Suarez Triguero, Jose Alfonso"]
[Result "0-1"]
[WhiteElo "1449"]
[BlackElo "2099"]
[PlyCount "52"]
[EventDate "2010.10.09"]
[EventType "swiss"]
[EventRounds "9"]
[EventCountry "ESP"]
[Source "lmi"]
[SourceDate "2010.10.09"]

1. e4 Nf6 2. Nc3 d5 3. Qf3 dxe4 4. Nxe4 Nxe4 5. Qxe4 Nd7 6. d4 Nf6 7. Qf4 Nd5
8. Qe4 e6 9. Bc4 Bb4+ 10. c3 Nxc3 11. bxc3 Bxc3+ 12. Ke2 Bxa1 13. Nf3 Qe7 14.
Bb5+ c6 15. Bxc6+ bxc6 16. Qxc6+ Qd7 17. Qxa8 O-O 18. Qe4 Ba6+ 19. Ke3 Qb5 20.
Ba3 Bc3 21. Bxf8 Qe2+ 22. Kf4 Qxf2 23. Qa8 e5+ 24. Kxe5 Qe3+ 25. Qe4 f6+ 26.
Kf5 Bc8+ 0-1

[Event "I Memorial Oliver Gonzalez Somoza"]
[Site "Madrid ESP"]
[Date "2010.10.09"]
[Round "1.52"]
[White "Cortes Jurado, Rafael"]
[Black "Nuñez Alonso, Raul"]
[Result "1-0"]
[WhiteElo "2083"]
[BlackElo "1426"]
[PlyCount "63"]
[EventDate "2010.10.09"]
[EventType "swiss"]
[EventRounds "9"]
[EventCountry "ESP"]
[Source "lmi"]
[SourceDate "2010.10.09"]

1. d4 d5 2. Nf3 Nf6 3. c4 e6 4. Nc3 Nbd7 5. Bg5 Be7 6. e3 O-O 7. cxd5 exd5 8.
Qc2 Re8 9. Bd3 h6 10. Bh4 b6 11. O-O c5 12. dxc5 bxc5 13. Rad1 c4 14. Bf5 Nb6
15. Bxc8 Rxc8 16. a4 a5 17. Rfe1 Rc7 18. Bg3 Rd7 19. Ne5 Rb7 20. e4 Bd6 21.
exd5 Rbe7 22. Qf5 Qd7 23. Qxd7 Nfxd7 24. f4 Bxe5 25. fxe5 Nxe5 26. d6 Re6 27.
Bxe5 Rxe5 28. Rxe5 Rxe5 29. d7 Nxd7 30. Rxd7 g6 31. Rd5 Rxd5 32. Nxd5 1-0

[Event "I Memorial Oliver Gonzalez Somoza"]
[Site "Madrid ESP"]
[Date "2010.10.09"]
[Round "1.53"]
[White "Ojosnegros Martin, Angel"]
[Black "Aziz Ortego, Omar Luis"]
[Result "0-1"]
[WhiteElo "1384"]
[BlackElo "2080"]
[PlyCount "92"]
[EventDate "2010.10.09"]
[EventType "swiss"]
[EventRounds "9"]
[EventCountry "ESP"]
[Source "lmi"]
[SourceDate "2010.10.09"]

1. d4 e6 2. e3 b6 3. Nf3 Bb7 4. Be2 g6 5. b3 Bg7 6. Bb2 Ne7 7. O-O O-O 8. Nbd2
c5 9. c3 d5 10. Qc2 Na6 11. Rac1 Rc8 12. Qb1 Nf5 13. Rfe1 Nd6 14. Nf1 Ne4 15.
h3 f5 16. Ne5 Qh4 17. Ng3 Nxf2 18. Kxf2 f4 19. exf4 Bxe5 20. dxe5 Rxf4+ 21. Bf3
Rcf8 22. Re3 d4 23. cxd4 cxd4 24. Bxd4 Rxd4 25. Rd1 Rdf4 26. Rd6 Nc5 27. Qd1
Bxf3 28. gxf3 Ne4+ 29. Rxe4 Rxe4 30. Kg2 Rxe5 31. Rd4 Qg5 32. Qf1 Rd5 33. Rxd5
Qxd5 34. Ne4 Kf7 35. Qc1 Kg7 36. Qc3+ e5 37. Ng5 Rd8 38. Ne4 h6 39. Kg3 Rd7 40.
h4 Qd4 41. Qc6 Qg1+ 42. Kh3 Rf7 43. Ng3 h5 44. Qe4 Qd4 45. Qc6 Kh6 46. Qe6 Rxf3
0-1

[Event "I Memorial Oliver Gonzalez Somoza"]
[Site "Madrid ESP"]
[Date "2010.10.10"]
[Round "2.1"]
[White "Korneev, Oleg"]
[Black "Pastor Alonso De Prado, Emilio A"]
[Result "1-0"]
[WhiteElo "2556"]
[BlackElo "2199"]
[PlyCount "91"]
[EventDate "2010.10.09"]
[EventType "swiss"]
[EventRounds "9"]
[EventCountry "ESP"]
[Source "lmi"]
[SourceDate "2010.10.09"]

1. e4 e5 2. Nf3 Nc6 3. Bb5 Nf6 4. d3 Bc5 5. Be3 Qe7 6. Bxc6 bxc6 7. Bxc5 Qxc5
8. Nc3 Rb8 9. O-O O-O 10. Qd2 Qe7 11. b3 d6 12. Ne2 Nh5 13. d4 f5 14. dxe5 fxe4
15. Nfd4 Bb7 16. exd6 cxd6 17. c4 Qe5 18. Rad1 Rbe8 19. Nc2 Re6 20. Ne3 Rg6 21.
Qd4 Qe7 22. Qxa7 Ra8 23. Qd4 Rxa2 24. Rd2 Rxd2 25. Qxd2 Bc8 26. Ra1 h6 27. b4
Kh7 28. b5 Qb7 29. Rb1 d5 30. cxd5 cxb5 31. Qb4 Nf6 32. Qxb5 Qxb5 33. Rxb5 Rg5
34. Nc3 Kg6 35. Rb8 Bd7 36. Kf1 Kf7 37. Ke2 Ke7 38. h4 Rh5 39. g3 Kd6 40. Rb6+
Kc5 41. Rxf6 gxf6 42. Nxe4+ Kd4 43. Nxf6 Bb5+ 44. Kf3 Re5 45. Kf4 Re7 46. Nf5+
1-0

[Event "I Memorial Oliver Gonzalez Somoza"]
[Site "Madrid ESP"]
[Date "2010.10.10"]
[Round "2.2"]
[White "Bandres Carballo, Julio"]
[Black "Almeida Quintana, Omar"]
[Result "0-1"]
[WhiteElo "2201"]
[BlackElo "2559"]
[PlyCount "60"]
[EventDate "2010.10.09"]
[EventType "swiss"]
[EventRounds "9"]
[EventCountry "ESP"]
[Source "lmi"]
[SourceDate "2010.10.09"]

1. d4 g6 2. e4 Bg7 3. Nf3 d6 4. Bc4 a6 5. Bb3 e6 6. O-O Ne7 7. Qe2 h6 8. a4 b6
9. Nc3 Nd7 10. Rd1 Bb7 11. Be3 O-O 12. h3 Kh7 13. Rd3 b5 14. Nd2 b4 15. Na2 a5
16. c3 bxc3 17. Rxc3 c5 18. Qd3 Nc6 19. Nf3 cxd4 20. Nxd4 Nb4 21. Nxb4 axb4 22.
Rcc1 Nc5 23. Qc4 Bxe4 24. Bc2 Bxc2 25. Rxc2 Nxa4 26. Qxb4 Qd7 27. Ra3 Nc5 28.
Rxa8 Rxa8 29. Kh2 Ra4 30. Qd2 Bxd4 0-1

[Event "I Memorial Oliver Gonzalez Somoza"]
[Site "Madrid ESP"]
[Date "2010.10.10"]
[Round "2.5"]
[White "Vazquez Torres, Adrian"]
[Black "Moreno Ruiz, Javier"]
[Result "0-1"]
[WhiteElo "2160"]
[BlackElo "2491"]
[PlyCount "106"]
[EventDate "2010.10.09"]
[EventType "swiss"]
[EventRounds "9"]
[EventCountry "ESP"]
[Source "lmi"]
[SourceDate "2010.10.09"]

1. e4 e6 2. d4 d5 3. e5 c5 4. c3 Qb6 5. Nf3 Nc6 6. Bd3 Bd7 7. O-O cxd4 8. cxd4
Nxd4 9. Nxd4 Qxd4 10. Nc3 a6 11. Re1 Ne7 12. Be3 Qxe5 13. Qg4 h5 14. Qb4 Nc6
15. Qxb7 Rb8 16. Qxa6 Nb4 17. Qa7 Nxd3 18. Bd4 Qd6 19. Re3 Nb4 20. Be5 Qb6 21.
Bxb8 Qxa7 22. Bxa7 Nc2 23. Rd1 Nxe3 24. Bxe3 Be7 25. a4 Bb4 26. a5 Bxa5 27. Bc5
Bxc3 28. bxc3 Kd8 29. Ra1 Kc7 30. Bd4 f6 31. Ra7+ Kc6 32. f4 Re8 33. Ra6+ Kb5
34. Rd6 Bc8 35. Kf2 Kc4 36. Ke2 e5 37. Rc6+ Kb3 38. fxe5 fxe5 39. Bf2 Kc2 40.
h3 Bf5 41. Ke3 Bd3 42. Bg3 Bc4 43. Be1 Rf8 44. Bg3 Rf5 45. Rc7 Rg5 46. Bh2 Kxc3
47. h4 Rf5 48. Re7 d4+ 49. Ke4 Bd3+ 50. Kd5 e4+ 51. Be5 e3 52. Rc7+ Kd2 53.
Kxd4 Rxe5 0-1

[Event "I Memorial Oliver Gonzalez Somoza"]
[Site "Madrid ESP"]
[Date "2010.10.10"]
[Round "2.6"]
[White "Herraiz Hidalgo, Herminio"]
[Black "Nieto De La Cruz, Julio"]
[Result "1-0"]
[WhiteElo "2480"]
[BlackElo "2147"]
[PlyCount "58"]
[EventDate "2010.10.09"]
[EventType "swiss"]
[EventRounds "9"]
[EventCountry "ESP"]
[Source "lmi"]
[SourceDate "2010.10.09"]

1. Nf3 c5 2. c4 Nc6 3. Nc3 e5 4. e3 Nf6 5. Be2 d5 6. d4 e4 7. Ne5 Bd6 8. Qa4
O-O 9. Nxc6 bxc6 10. Qxc6 Be6 11. cxd5 Rc8 12. Qa4 Bf5 13. Bd2 Qe7 14. h3 cxd4
15. exd4 Rb8 16. g4 Bg6 17. Nb5 Nxd5 18. Nxd6 Qxd6 19. Qa3 Qb6 20. Rd1 e3 21.
fxe3 Be4 22. O-O Qc7 23. Be1 Qb6 24. Bf3 Rfe8 25. Bg3 Rb7 26. Rc1 Qh6 27. Bxe4
Qxh3 28. Bxd5 Qxg3+ 29. Bg2 Rbe7 1-0

[Event "I Memorial Oliver Gonzalez Somoza"]
[Site "Madrid ESP"]
[Date "2010.10.10"]
[Round "2.8"]
[White "Recuero Guerra, David"]
[Black "Ramos Aldoradin, John Paul"]
[Result "1-0"]
[WhiteElo "2457"]
[BlackElo "2126"]
[PlyCount "61"]
[EventDate "2010.10.09"]
[EventType "swiss"]
[EventRounds "9"]
[EventCountry "ESP"]
[Source "lmi"]
[SourceDate "2010.10.09"]

1. d4 e6 2. Nf3 Nf6 3. c4 b6 4. Nc3 Bb4 5. Qc2 Bb7 6. a3 Bxc3+ 7. Qxc3 d6 8. g3
O-O 9. Bg2 Be4 10. O-O a5 11. b3 h6 12. Bb2 a4 13. b4 d5 14. Rac1 Ra7 15. Rfd1
Ne8 16. Bf1 Nd6 17. Nd2 b5 18. c5 Nc4 19. Nxe4 Nxb2 20. Qxb2 dxe4 21. c6 Qd6
22. e3 Nxc6 23. Bxb5 Ne7 24. Qc2 f5 25. Qc5 Rb7 26. Bxa4 Ra8 27. Bb3 Rxa3 28.
Qxd6 cxd6 29. Bxe6+ Kh7 30. Ra1 Rxa1 31. Rxa1 1-0

[Event "I Memorial Oliver Gonzalez Somoza"]
[Site "Madrid ESP"]
[Date "2010.10.10"]
[Round "2.9"]
[White "Cabañas Jimenez, Manuel"]
[Black "Roa Alonso, Santiago"]
[Result "0-1"]
[WhiteElo "2141"]
[BlackElo "2454"]
[PlyCount "66"]
[EventDate "2010.10.09"]
[EventType "swiss"]
[EventRounds "9"]
[EventCountry "ESP"]
[Source "lmi"]
[SourceDate "2010.10.09"]

1. e4 d6 2. d4 Nf6 3. Nc3 g6 4. h3 Bg7 5. Nf3 c5 6. Bc4 cxd4 7. Nxd4 O-O 8. Bb3
Nbd7 9. Be3 Nc5 10. Qf3 Qa5 11. O-O Bd7 12. Rad1 Rac8 13. Rfe1 Rfe8 14. Bd2
Nxb3 15. axb3 Qh5 16. Qxh5 Nxh5 17. Be3 f5 18. f3 fxe4 19. fxe4 a6 20. g4 Nf6
21. Nf3 Rf8 22. Rf1 Bc6 23. Nd2 h5 24. g5 Nd7 25. Rxf8+ Nxf8 26. Kf2 Bd7 27.
Nc4 Bxh3 28. Nd5 Kf7 29. Kg3 Be6 30. Rf1+ Ke8 31. Bb6 Bxd5 32. exd5 Nd7 33. c3
Rxc4 0-1

[Event "I Memorial Oliver Gonzalez Somoza"]
[Site "Madrid ESP"]
[Date "2010.10.10"]
[Round "2.10"]
[White "Almagro Llamas, Pablo"]
[Black "Blanco Sanchez, Jose Fernando"]
[Result "1-0"]
[WhiteElo "2451"]
[BlackElo "2123"]
[PlyCount "91"]
[EventDate "2010.10.09"]
[EventType "swiss"]
[EventRounds "9"]
[EventCountry "ESP"]
[Source "lmi"]
[SourceDate "2010.10.09"]

1. c4 e5 2. g3 d6 3. Bg2 Nc6 4. Nc3 g6 5. d3 Bg7 6. Nf3 Be6 7. a3 Qc8 8. Nd5
Nce7 9. Ng5 Bd7 10. Qb3 c6 11. Nxe7 Nxe7 12. Ne4 Qc7 13. Qxb7 Qa5+ 14. Bd2 Qd8
15. Nxd6+ Kf8 16. O-O a5 17. f4 Nf5 18. Nxf5 Bxf5 19. Qxc6 Rc8 20. Qb5 exf4 21.
Bxf4 Kg8 22. Bd5 Bd4+ 23. e3 Bb6 24. d4 Kg7 25. Qb3 f6 26. c5 Bc7 27. e4 Bh3
28. Rf2 Rb8 29. Qe3 h5 30. Bxc7 Qxc7 31. Qf4 Qe7 32. Qd6 Qxd6 33. cxd6 Rbd8 34.
e5 fxe5 35. dxe5 Rhe8 36. Rf7+ Kh6 37. Re7 Rf8 38. Bg2 Bg4 39. b4 axb4 40. axb4
Rb8 41. Rb1 Bf5 42. Rb2 Rbc8 43. h3 h4 44. gxh4 Rc1+ 45. Kh2 Bd3 46. d7 1-0